Naufragios y comentarios / (Record no. 43107)
[ view plain ]
| 000 -CABECERA | |
|---|---|
| campo de control de longitud fija | 00853nam a2200241 a 4500 |
| 001 - NÚMERO DE CONTROL | |
| campo de control | 000043618 |
| 003 - IDENTIFICADOR DEL NÚMERO DE CONTROL | |
| campo de control | DO-SdBNP |
| 005 - FECHA Y HORA DE LA ÚLTIMA TRANSACCIÓN | |
| campo de control | 20250318151301.0 |
| 008 - DATOS DE LONGITUD FIJA--INFORMACIÓN GENERAL | |
| campo de control de longitud fija | 140331s1970 sp 000 0 spa d |
| 040 ## - FUENTE DE LA CATALOGACIÓN | |
| Centro catalogador/agencia de origen | DO-SdBNP |
| Lengua de catalogación | spa |
| Centro/agencia transcriptor | BNPHU |
| 082 ## - NÚMERO DE LA CLASIFICACIÓN DECIMAL DEWEY | |
| Número de clasificación | 980 |
| Número de documento/Ítem | N964m |
| 100 1# - ENTRADA PRINCIPAL--NOMBRE DE PERSONA | |
| Nombre de persona | Nuñez Cabeza de Vaca, Álvar |
| Fechas asociadas al nombre | 1488/90-1557/58 |
| 9 (RLIN) | 71436 |
| 245 10 - MENCIÓN DE TÍTULO | |
| Título | Naufragios y comentarios / |
| Mención de responsabilidad, etc. | Álvar Núñez Cabeza de Vaca; prólogo Justo García Morales. |
| 260 ## - PUBLICACIÓN, DISTRIBUCIÓN, ETC. | |
| Lugar de publicación, distribución, etc. | Madrid : |
| Nombre del editor, distribuidor, etc. | Libra, |
| Fecha de publicación, distribución, etc. | 1970. |
| 300 ## - DESCRIPCIÓN FÍSICA | |
| Extensión | 191 p. ; |
| Dimensiones | 17 cm. |
| 490 1# - MENCIÓN DE SERIE | |
| Mención de serie | Purpura |
| Designación de volumen o secuencia | 12 |
| 650 #4 - PUNTO DE ACCESO ADICIONAL DE MATERIA--TÉRMINO DE MATERIA | |
| Término de materia o nombre geográfico como elemento de entrada | Indigenas de américa del norte |
| 9 (RLIN) | 45643 |
| 651 #4 - PUNTO DE ACCESO ADICIONAL DE MATERIA--NOMBRE GEOGRÁFICO | |
| Nombre geográfico | América -- |
| Subdivisión general | Descubrimiento y exploración -- |
| -- | Españoles |
| 9 (RLIN) | 544 |
| Subdivisión de forma | Ensayo, conferencias, etc. |
| 651 #4 - PUNTO DE ACCESO ADICIONAL DE MATERIA--NOMBRE GEOGRÁFICO | |
| Nombre geográfico | Argentina |
| Subdivisión general | Historia |
| Subdivisión cronológica | 1535-1617 |
| 9 (RLIN) | 45644 |
| 700 12 - PUNTO DE ACCESO ADICIONAL--NOMBRE DE PERSONA | |
| Nombre de persona | García Morales, Justo |
| Término indicativo de función/relación | prol. |
| 9 (RLIN) | 32285 |
| 830 #0 - PUNTO DE ACCESO ADICIONAL DE SERIE-TÍTULO UNIFORME | |
| Título uniforme | Purpura |
| Número de parte o sección de la obra | 12 |
| 9 (RLIN) | 71437 |
| 942 ## - ELEMENTOS DE PUNTO DE ACCESO ADICIONAL (KOHA) | |
| Fuente del sistema de clasificación o colocación | Dewey Decimal Classification |
| Tipo de ítem Koha | Libro |
| Estado de retiro | Estado de pérdida | Restricciones de uso | No para préstamo | Código de colección | Localización permanente | Ubicación/localización actual | Ubicación en estantería | Fecha de adquisición | Número de inventario | Total de préstamos | Signatura topográfica completa | Código de barras | Fecha visto por última vez | Precio válido a partir de | Tipo de ítem Koha |
|---|---|---|---|---|---|---|---|---|---|---|---|---|---|---|---|
| Excluido de préstamo | Monografías: Libros y Folletos | General | General | En catalogación | 31.03.2014 | LF1 | 980 N964m | 43618-10 | 25.06.2020 | 25.06.2020 | No se presta |
